000 00255nam a22001217a 4500
008 171219b xxu||||| |||| 00| 0 eng d
041 _aeng
080 _a94
100 _a17
101 _aHIS
245 _aFOR EASTERN HISTORY
_cWALTZ,E
942 _2udc
_cBK
999 _c39179
_d39179